| 000 | 00831nam a2200217 i 4500 | ||
|---|---|---|---|
| 001 | 89883 | ||
| 003 | ES-MaACL | ||
| 005 | 20230906180308.0 | ||
| 007 | t| | ||
| 008 | 050114s1956 sp |||| | spa d | ||
| 100 | 1 |
_aLatorre Roca, Rafael. _970542 |
|
| 245 | 1 | 0 |
_aProblemas de España _b: económicos, sociales, morales y religiosos : tercera serie / _cRafael Latorre Roca ; prólogo de Jorge Vigón Suero-Díaz ; epílogo de Juan José Fernández Zumel y Tomás Bulnes. |
| 260 |
_aValladolid : _b[s.n.], _c1956 ( _fMiñón, imp.) |
||
| 300 |
_aXV, 97 p. ; _c21 cm. |
||
| 651 | 4 |
_aEspaña- _xSituación económica. _98498 |
|
| 651 | 4 |
_aEspaña- _xSituación social. _98506 |
|
| 700 | 1 |
_aVigón, Jorge. _9114665 |
|
| 700 | 1 |
_aFernández Zumel, Juan José. _950199 |
|
| 700 | 1 |
_aBulnes, Tomás. _932531 |
|
| 852 |
_aES-MaACL _jC-12943 |
||
| 999 |
_c89883 _d89883 |
||